Villes les plus peuplées du monde de A à Z - Statistiques

Statistiques générales
  • Ce quiz a été pris 110 fois
  • Le résultat moyen est 11 sur 26
Statistiques - réponses
Lettre Population Région Ville % Correct
N 21.8 m Amérique du Nord New York
76%
S 41.6 m Asie de l'Est Shanghai
71%
R 13.6 m Amérique du Sud Rio de Janeiro
70%
B 21.8 m Asie du Sud Est Bangkok
68%
I 16.0 m Eurasie Istanbul
67%
J 29.5 m Asie du Sud Est Jakarta
66%
T 41.2 m Asie de l'Est Tokyo
66%
V 3.18 m Amérique du Nord Vancouver
66%
L 21.3 m Afrique Lagos
63%
P 22 m Asie de l'Est Pékin
62%
C 72.7 m Asie de l'Est Canton
59%
M 27.8 m Asie du Sud Est Manille
56%
W 12.6 m Asie de l'Est Wuhan
47%
D 35.7 m Asie du Sud Delhi
46%
O 17.7 m Asie de l'Est Osaka
41%
E 1.46 m Amérique du Nord Edmonton
36%
G 5.52 m Amérique Centrale Guadalajara
32%
K 21.0 m Asie du Sud Karachi
29%
U 5.00 m Asie de l'Est Urumqi
20%
X 15.4 m Asie de l'Est Xiamen
18%
A 9.90 m Asie du Sud Ahmedabad
16%
Q 7.70 m Asie de l'Est Qingdao
10%
H 14.6 m Asie de l'Est Hangzhou
7%
Z 10.3 m Asie de l'Est Zhengzhou
5%
Y 3.78 m Asie de l'Est Yokohama
4%
F 9.5 m Asie de l'Est Foshan
0%
Aucun quiz correspondant
Distribution des résultats
% des personnes avec chaque résultat
Percentile par nombre de réponses
Votre historique - résultats
Vous n’avez pas pris ce quiz